000
00321nam a22001457a 4500
008
230622b ||||| |||| 00| 0 eng d
020
_a
9780134107165
041
_a
eng
080
_a
51
082
_a
51BLI
100
_a
23
101
_a
MATE
245
_a
PATHWAYS TO COLLEGE MATHEMATICS
_c
BLITZER
942
_2
udc
_c
BK
999
_c
60023
_d
60023